Modernización del Estado para la reactivación y desarrollo de la agricultura

Guardado en:
Bibliografiske detaljer
Hovedforfatter: Martínez Nogueira, Roberto
Institution som forfatter: Instituto Interamericano de Cooperación para la Agricultura
Format: Texto
Udgivet: s.l.: IICA
Tags: Tilføj Tag
Ingen Tags, Vær først til at tagge denne postø!

MARC

LEADER 00000 a a2200000 04500
001 23101
003
040 |a CRAI/IIS  |c CRAI/IIS 
090 |a 159400  
100 |a Martínez Nogueira, Roberto  
110 |a Instituto Interamericano de Cooperación para la Agricultura  
245 |a Modernización del Estado para la reactivación y desarrollo de la agricultura  
260 |a s.l.:   |b IICA  
300 |a 35 p.  
999 |c 7127  |d 7127